书目信息 |
| 题名: |
辛吉斯
|
|
| 作者: | [加拿大]比弗.斯潘塞 , [加拿大]斯潘塞 著€ | |
| 分册: | ||
| 出版信息: | 沈阳 辽宁教育出版社 1999.9 |
|
| 页数: | 111页 | |
| 开本: | 32开 | |
| 丛书名: | 体育明星系列 | |
| 单 册: | ||
| 中图分类: | K815.47-51 | |
| 科图分类: | ||
| 主题词: | 辛吉斯--生平事迹 | |
| 电子资源: | ||
| ISBN: | 7-5382-5590-7 | |
| 000 | 00719nam0 2200229 45 | |
| 001 | 0005260921 | |
| 005 | 20031219104045.5 | |
| 010 | @a7-5382-5590-7@dCNY4.80 | |
| 100 | @a20000526d1999 km y0chiy0120 ea | |
| 101 | @achi | |
| 105 | @a z 000yy | |
| 200 | 1 | @a辛吉斯@f[加拿大]斯潘塞(Spencer.B.)著;喜春译@F[Jia Na Da]Si Pan Sai(Spencer.B.)Zhu;Xi Chun Yi |
| 210 | @a沈阳@c辽宁教育出版社@d1999.9 | |
| 215 | @a111页@c冠图@d32开 | |
| 225 | @a体育明星系列 | |
| 410 | @12001 @a体育明星系列 | |
| 606 | 0 | @a辛吉斯@x生平事迹 |
| 690 | @aK815.47-51@v1 | |
| 701 | @a[加拿大]比弗.斯潘塞@4著€@a喜春@4译 | |
| 701 | 0 | @a[加拿大]斯潘塞@bSpencer.B.@4著 |
| 801 | @aCN@bTSTC@c20000526 | |
| 905 | @f5@b288948-952@dK815.47-51@e58:3 | |
| 辛吉斯/[加拿大]斯潘塞(Spencer.B.)著;喜春译.-沈阳:辽宁教育出版社,1999.9 |
| 111页:冠图;32开.-(体育明星系列) |
| ISBN 7-5382-5590-7:CNY4.80 |
| ● |
| 相关链接 |
|
|
|
|
正题名:辛吉斯
索取号:K815.47-51/58:3
 
预约/预借
| 序号 | 登录号 | 条形码 | 馆藏地/架位号 | 状态 | 备注 |
| 1 | 0288948 | 002889486 | 第二借阅区/ [索取号:K815.47-51/58:3] | 在馆 | |
| 2 | 0288949 | 002889495 | 第二借阅区/ [索取号:K815.47-51/58:3] | 在馆 | |
| 3 | 0288950 | 002889501 | 第二借阅区/ [索取号:K815.47-51/58:3] | 在馆 | |
| 4 | 0288951 | 002889510 | 第二借阅区/ [索取号:K815.47-51/58:3] | 在馆 | |
| 5 | 0288952 | 002889529 | 第二样本阅览室/ [索取号:K815.47-51/58:3] | 在馆 | |
| 6 | 0288967 | 002889672 | 第二借阅区/ [索取号:K815.47-51/58:3] | 在馆 |